000 00532nam a2200181Ia 4500
001 21127
005 20260306172856.0
008 260306t2010||||xx |||||||||||||| ||spa||
041 _aESP
082 _a344
_bU61
100 _aUniversidad Andina de Cusco
_eAUT
245 0 _aJornada internacional de derecho penal:
_bproblemas actuales de la teoría del delito y el derecho penal ante los retos del futuro
260 _c2010
300 _a122 páginas :
_c24 cm.
650 _aGEN
654 _aCDE
942 _cLIB
_dJUS
_fJUS
_2ddc
_n
999 _c21127
_d21127